| 000 | 01843cam a22003371i 4500 | ||
|---|---|---|---|
| 003 | SA-RiAUC | ||
| 005 | 20241207101201.0 | ||
| 008 | 241205s2005 xx g 000 0 ara c | ||
| 040 |
_aSA-JeALM _bara _cSA-RiAUC _erda |
||
| 082 | 0 | 4 | _a258.1 |
| 090 |
_a258.1 _bع ل ي |
||
| 100 | 1 |
_aعلي القاري، علي بن محمد الهروي، _cالملا، _dتوفي 1014 هجري _eمؤلف. |
|
| 245 | 1 | 0 |
_aفتح باب العناية في شرح كتاب النقاية / _cنور الدين علي بن محمد بن سلطان المشهور بالملا علي القاري الهروي. ومعه، متن النقاية / صدر الشريعة عبيد الله بن مسعود المحبوبي. |
| 246 | 3 | 0 | _aشرح كتاب النقاية |
| 250 | _aالطبعة الأولى. | ||
| 264 | 1 |
_aبيروت : _bدار إحياء التراث : _c2005 |
|
| 300 | _a4 مجلد | ||
| 336 |
_aنص _btxt _2rdacontent _3كتاب |
||
| 337 |
_aبدون وسيط _bn _2rdamedia |
||
| 338 |
_aمجلد _bnc _2rdacarrier |
||
| 650 | 7 |
_aالفقه الحنفي _2aucsh |
|
| 700 | 1 | 2 |
_aصدر الشريعة الأصغر، عبيد الله بن مسعود بن محمود، _dتوفي 747 هجري |
| 700 | 1 | 2 |
_aبرهان الشريعة، محمود بن عبيد الله بن إبراهيم، _dتوفي 673 هجري _tوقاية الرواية في مسائل الهداية. |
| 700 | 1 | 2 |
_aالمرغيناني، علي بن أبي بكر بن عبد الجليل، _d530-593 هجري |
| 740 | 2 | 2 | _aالنقاية : مختصر الوقاية. |
| 740 | 0 | 2 | _aوقاية الرواية في مسائل الهداية. |
| 740 | 2 | 2 | _aالهداية : شرح بداية المبتدي. |
| 740 | 0 | 2 | _aبداية المبتدي في فقه الإمام أبي حنيفة. |
| 942 |
_2ddc _cBOOK _n0 |
||
| 949 |
_aSA-JeALM _d241205 _uosman123 _n1 |
||
| 999 |
_c3079 _d3079 |
||